000 00983 a2200253 4500
010 _aENG-88861
020 _a0761936350 (paper back)
_c475.00
035 _aEN-72394
037 _bDBAD / PUB
082 1 4 _a958.03
090 _c9537
_d9537
100 1 _aDe Mel, Neloufer
245 1 _aMilitarizing Sri Lanka :
_bpopular culture, memory and narrative in the armed conflict /
_cby Neloufer de Mel.
260 _aNew Delhi
_bSage Publications,
_c2007
270 _aB1/I-1, Mohan Cooperative Industiral Area, Mathura Road
_bNew Delhi
_e110 044
300 _a329 p.
_c21 cm. (Pbk.)
500 _aIncludes bibliographical references and index
650 0 _aNational security
_zSri Lanka.
650 0 _aNationalism and feminism
_zSri Lanka.
651 0 _aSri Lanka
_xPolitics and government
_y1978-
651 0 _aSri Lanka
_xMilitary policy.
942 _adpl
_cEN
_k958.03 / MEL
999 _c9363
_d9363